000 01558nam a2200373 c 4500
999 _c152413
_d152413
003 BLK
005 20250716125702.0
008 180410b bul|||||r ||||||| ||bul||
010 _aKNG00158893000
020 _a978-954-09-0708-6
040 _aBLK
041 _aBUL
_cBUL
072 7 _2bullib
_aН83
_xЧужда художествена литература Н
080 _aНемска литература
_b821.112.2
_x-12
_z821.112.2-12
100 1 _aГьоте, Йохан Волфганг фон
_eпърви автор
_9363966
139 _aГьоте, Йохан Волфганг фон
_bГ 97
245 1 0 _aФауст
_bТрагедия в две части
_cЙохан Волфганг фон Гьоте; прев. Валери Петров; * Валери Нисим Меворах.
250 _a2. изд.
257 _aBGR
260 _bЗахарий Стоянов
_c2012
300 _a582 с.
_bс ил., портр.
_c24 см
380 _aX
500 _aОриг. загл.: Faust / Johann Wolfgang von Goethe. - Валери Петров - псевд. на Валери Нисим Меворах. - 1. изд. 2001.
659 _aН
700 _aПетров, Валери
_d1920 - 2014
_qМеворах, Валери Нисим
_9363347
700 1 _aМеворах, Валери Нисим
_e*
_9367575
852 _aЦб 267305
856 4 _qpdf
856 4 _qpdf
942 _cKNG
_n0
_07
944 _aCR
_c01.04.2014
_k30552
_lВиолета Тройчева
944 _aED
_c12.12.2014
_kГрета_Цуфелде
999 _d152413